LIBRARY & INFORMATION CENTRE, KCAET, TAVANUR

ONLINE PUBLIC ACCESS CATALOGUE (OPAC)

Development and evaluation of tractor operated ditcher cum bed-former for pineapple cultivation (Record no. 15081)

MARC details
000 -LEADER
fixed length control field 00770nam a22001697a 4500
003 - CONTROL NUMBER IDENTIFIER
control field OSt
088 ## - REPORT NUMBER
Report number P 136
100 ## - MAIN ENTRY--AUTHOR NAME
Personal name AMBILY S. PRASAD
-- GISS MERIN VARGHESE
-- SAIDALAVI M
245 ## - TITLE STATEMENT
Title Development and evaluation of tractor operated ditcher cum bed-former for pineapple cultivation
260 ## - PUBLICATION, DISTRIBUTION, ETC. (IMPRINT)
Place of publication Tavanur 2003
Name of publisher Kelappaji College of Agricultural Engineering and Technology
300 ## - PHYSICAL DESCRIPTION
Number of Pages 38
500 ## - GENERAL NOTE
General note Development and evaluation of tractor operated ditcher cum bed-former for pineapple cultivation
520 ## - SUMMARY, ETC.
Summary, etc the main components of the prototype unit of the tractor operated pineapple ditcher cum bed-former are a mould board, standard, levellers and main frame,
700 ## - ADDED ENTRY--PERSONAL NAME
Personal name Dr. V. R Ramachandran (Guide)
942 ## - ADDED ENTRY ELEMENTS (KOHA)
Koha item type Project Report
Holdings
Collection code Home library Current library Shelving location Full call number Accession Number Koha item type
Reference KAUAET KAUAET Reference 631.3 AMB/DE P 136 Project Report
free website counter